| 000 | 005190000a22001930004500 | ||
|---|---|---|---|
| 001 | 003311 | ||
| 003 | MACL | ||
| 005 | 20150801145025.0 | ||
| 008 | 150801b xxu||||| |||| 00| 0 eng d | ||
| 040 |
_aMACL _cMACL |
||
| 041 | _aEnglish | ||
| 082 | _a363.7/SAX | ||
| 100 |
_aSaxena, Y.K. _94119 |
||
| 245 |
_aEnvironment Explained _bMeaning And Difinitions Of Terms And Themes _cY.K. Saxena |
||
| 260 |
_aNew Delhi _c2004 _bExcel Books, |
||
| 350 | _a400 | ||
| 650 |
_aEnvironment Problems _93918 |
||
| 942 |
_k364 _cBK _2ddc |
||
| 999 |
_c15215 _d15215 |
||